[Event "33.Schlosspark-Open"]
[Site "Wiesbaden-Biebrich"]
[Date "2024.08.23"]
[Round "3.29"]
[White "Launert, Martin"]
[Black "Boidman, Yuri"]
[Result "0-1"]
[WhiteElo "1874"]
[BlackElo "2253"]
[PlyCount "56"]
[EventDate "2024.08.22"]
[WhiteTeam "SF Eltville"]
[BlackTeam "SC Heimbach-Weis/Neuwied e.V."]

1. e4 d5 2. exd5 Nf6 3. Nf3 Nxd5 4. d4 Bf5 5. c4 Nb4 6. Na3 e6 7. Be2 Be7 8. Be3 O-O 9. O-O N8c6 10. Qc1 Bf6 11. Rd1 Qe7 12. h3 h6 13. Rd2 Rad8 14. Nb5 e5 15. d5 e4 16. Nfd4 Nxd4 17. Nxd4 Bg6 18. a3 Nd3 19. Bxd3 exd3 20. Rb1 c6 21. Nb3 Rfe8 22. d6 Qxd6 23. Bxa7 Bg5 24. Be3 Bxe3 25. fxe3 Rxe3 26. Qf1 Qe6 27. Qf4 Kh7 28. Nd4 Rxd4 0-1

[Event "33.Schlosspark-Open"]
[Site "Wiesbaden-Biebrich"]
[Date "2024.08.23"]
[Round "3.30"]
[White "Ruppert, Wolfgang"]
[Black "Schellen, Sven"]
[Result "1-0"]
[WhiteElo "2186"]
[BlackElo "1873"]
[PlyCount "37"]
[EventDate "2024.08.22"]
[WhiteTeam "SC Flörsheim 1921"]
[BlackTeam "SV Frankfurt Nord 1926"]

1. e4 Nf6 2. e5 Ng8 3. d4 d6 4. Nf3 Bg4 5. Bd3 Nc6 6. Bb5 a6 7. Bxc6+ bxc6 8. h3 Bh5 9. Qe2 dxe5 10. dxe5 Bxf3 11. Qxf3 Qd5 12. Qg3 Qe4+ 13. Be3 Qb4+ 14. Nd2 Rd8 15. O-O-O Rb8 16. Nb3 e6 17. Ba7 Rb5 18. Rd4 Qe7 19. c4 1-0

[Event "33.Schlosspark-Open"]
[Site "Wiesbaden-Biebrich"]
[Date "2024.08.23"]
[Round "3.31"]
[White "Schmitt, Clemens"]
[Black "Ohler, Julius"]
[Result "0-1"]
[WhiteElo "1868"]
[BlackElo "2182"]
[PlyCount "50"]
[EventDate "2024.08.22"]
[WhiteTeam "SV Bergwinkel"]
[BlackTeam "SC Heimbach-Weis/Neuwied e.V."]

1. c4 e5 2. Nc3 Nf6 3. Nf3 Nc6 4. e3 Bb4 5. Qc2 d6 6. Ne2 a5 7. a3 Bc5 8. Ng3 a4 9. Be2 O-O 10. Ng5 Re8 11. Nh5 e4 12. Nxf6+ Qxf6 13. h4 Bf5 14. Bh5 Bg6 15. Bxg6 Qxg6 16. b4 axb3 17. Qxb3 h6 18. Nh3 Qxg2 19. Rg1 Qxh3 20. Bb2 Ne5 21. O-O-O Nd3+ 22. Kb1 Nxb2 23. Qxb2 Re5 24. Rg3 Qf5 25. Rdg1 g6 0-1

[Event "33.Schlosspark-Open"]
[Site "Wiesbaden-Biebrich"]
[Date "2024.08.23"]
[Round "3.32"]
[White "Jahnel, Günther"]
[Black "Hipler, Andreas"]
[Result "1-0"]
[WhiteElo "2166"]
[BlackElo "1862"]
[PlyCount "91"]
[EventDate "2024.08.22"]
[WhiteTeam "FVS ASP Hoyerswerda"]
[BlackTeam "SK Gau-Algesheim"]

1. d4 Nf6 2. c4 e6 3. Nc3 Bb4 4. Nf3 O-O 5. Bg5 b6 6. e3 Bb7 7. Bd3 h6 8. Bh4 c5 9. O-O cxd4 10. exd4 Be7 11. Re1 Na6 12. a3 Nc7 13. Rc1 d5 14. Ne5 dxc4 15. Bxc4 Rc8 16. Ba2 Re8 17. Qd3 Ba6 18. Qd2 Ncd5 19. Nxd5 Nxd5 20. Rxc8 Qxc8 21. Rc1 Qa8 22. Bxe7 Rxe7 23. Bb1 Bb7 24. Qc2 f5 25. Qd2 Qe8 26. Ba2 Nf6 27. f3 Bd5 28. Bxd5 Nxd5 29. Rc4 Rc7 30. Qc1 Rxc4 31. Qxc4 a5 32. h3 f4 33. Qc2 Kh8 34. Qe4 Kg8 35. Kh2 g5 36. Ng4 Kg7 37. Qe5+ Kg6 38. Qe4+ Kg7 39. Ne5 Qh5 40. Ng4 Qe8 41. Qe5+ Kg6 42. Qd6 Kg7 43. Ne5 Qe7 44. Qc6 Kf6 45. Nd7+ Kf5 46. Qc2# 1-0

[Event "33.Schlosspark-Open"]
[Site "Wiesbaden-Biebrich"]
[Date "2024.08.23"]
[Round "3.33"]
[White "Gundlach, Michael"]
[Black "Rabiya, Karim"]
[Result "1-0"]
[WhiteElo "2100"]
[BlackElo "1858"]
[PlyCount "43"]
[EventDate "2024.08.22"]
[WhiteTeam "Sfr.Mainz 1928"]
[BlackTeam "SK Niederbrechen 1948"]

1. c4 e5 2. g3 c6 3. d4 e4 4. Nc3 d5 5. cxd5 cxd5 6. Nh3 h6 7. Bf4 Nc6 8. Bg2 f5 9. e3 Nf6 10. Be5 Bb4 11. Nf4 O-O 12. O-O Bxc3 13. bxc3 g5 14. Bxf6 Rxf6 15. Nh5 Rf8 16. f3 Be6 17. fxe4 dxe4 18. g4 Qa5 19. Qc2 Bc4 20. Rxf5 Rxf5 21. gxf5 Bd3 22. Qb3+ 1-0

[Event "33.Schlosspark-Open"]
[Site "Wiesbaden-Biebrich"]
[Date "2024.08.23"]
[Round "3.34"]
[White "Puschendorf, Steffen"]
[Black "Meding, Olaf"]
[Result "1-0"]
[WhiteElo "2041"]
[BlackElo "1856"]
[PlyCount "103"]
[EventDate "2024.08.22"]
[WhiteTeam "ESV Gera"]
[BlackTeam "Sfr.Mainz 1928"]

1. d4 d5 2. c4 c6 3. Nf3 Nf6 4. Qc2 e6 5. g3 Nbd7 6. Bg2 Be7 7. O-O O-O 8. Nbd2 Re8 9. e4 dxe4 10. Nxe4 Nxe4 11. Qxe4 Nf6 12. Qc2 c5 13. Rd1 Qb6 14. h3 Rd8 15. Be3 Bd7 16. d5 Rac8 17. Rd2 Qc7 18. Rad1 exd5 19. cxd5 Bd6 20. Bg5 Re8 21. Bxf6 gxf6 22. Nh4 Re5 23. f4 Rh5 24. Rf2 Re8 25. Qc3 Rxh4 26. gxh4 Bxf4 27. d6 Bxd6 28. Qxf6 Bh2+ 29. Kh1 Be6 30. Qg5+ Kh8 31. Qf6+ Kg8 32. Rfd2 Qe5 33. Qxe5 Bxe5 34. Rd8 Kf8 35. Rxe8+ Kxe8 36. b3 b6 37. Bc6+ Ke7 38. Kg2 Bd4 39. Bb5 f5 40. Bc4 Kf6 41. Re1 Bxc4 42. bxc4 Be5 43. Kf3 h6 44. a4 Ke6 45. Rg1 Kf7 46. h5 Bf6 47. Rg6 Bg5 48. Rc6 Ke8 49. Rc7 a6 50. Rc6 Bd8 51. Rxh6 Be7 52. Rg6 1-0

[Event "33.Schlosspark-Open"]
[Site "Wiesbaden-Biebrich"]
[Date "2024.08.23"]
[Round "3.35"]
[White "Seidel, Jürgen"]
[Black "Bratmann, Marc"]
[Result "1-0"]
[WhiteElo "2031"]
[BlackElo "1853"]
[PlyCount "53"]
[EventDate "2024.08.22"]
[WhiteTeam "SV 1920 Hofheim"]
[BlackTeam "Sfr Stiller Zug Wiesbaden"]

1. e4 c6 2. d3 d5 3. Nd2 e5 4. Ngf3 Bd6 5. Be2 Nf6 6. O-O O-O 7. c3 Nbd7 8. Qc2 Qc7 9. Re1 Re8 10. a4 a5 11. Nf1 dxe4 12. dxe4 Nc5 13. Bc4 Be6 14. Bxe6 Nxe6 15. Ne3 Nc5 16. Nc4 Rad8 17. Bg5 Re6 18. Rad1 b5 19. axb5 cxb5 20. Bxf6 gxf6 21. Ne3 Be7 22. Nh4 Red6 23. Nd5 Qb7 24. Nf5 Rxd5 25. Rxd5 Ne6 26. Qd3 Rxd5 27. Qxd5 1-0

[Event "33.Schlosspark-Open"]
[Site "Wiesbaden-Biebrich"]
[Date "2024.08.23"]
[Round "3.36"]
[White "Hendriks, Theo"]
[Black "Bolduan, Michael"]
[Result "1/2-1/2"]
[WhiteElo "2014"]
[BlackElo "1845"]
[PlyCount "63"]
[EventDate "2024.08.22"]
[WhiteTeam "SV Amstel"]
[BlackTeam "Sfr Stiller Zug Wiesbaden"]

1. e4 e6 2. d4 d5 3. Nd2 Nf6 4. e5 Nfd7 5. Bd3 c5 6. c3 Nc6 7. Ne2 cxd4 8. cxd4 Qb6 9. Nf3 Be7 10. O-O O-O 11. a3 f6 12. exf6 Bxf6 13. Bc2 Ne7 14. Nf4 Rd8 15. Re1 Nf8 16. Nh5 Bd7 17. b4 Rac8 18. Bf4 Rc4 19. Nxf6+ gxf6 20. Bd3 Rc3 21. Nh4 f5 22. Re3 Neg6 23. Bg5 Rdc8 24. Nxg6 Nxg6 25. Bf6 Qd6 26. Qh5 Rc1+ 27. Re1 Rxa1 28. Rxa1 Qf4 29. g3 Qc7 30. Qh6 Be8 31. Kg2 Qf7 32. Be5 1/2-1/2

[Event "33.Schlosspark-Open"]
[Site "Wiesbaden-Biebrich"]
[Date "2024.08.23"]
[Round "3.37"]
[White "De Kruif, Kees"]
[Black "Memic, Miodrag"]
[Result "1/2-1/2"]
[WhiteElo "1859"]
[BlackElo "2009"]
[PlyCount "52"]
[EventDate "2024.08.22"]
[WhiteTeam "Fischer Z"]
[BlackTeam "SV Mainz-Mombach"]

1. b4 e5 2. Bb2 d6 3. e3 g6 4. c4 Bg7 5. Be2 Nf6 6. d3 O-O 7. Nf3 c6 8. O-O Nbd7 9. Nbd2 Re8 10. Qc2 b6 11. a4 Bb7 12. a5 Rb8 13. Ra2 Qc7 14. axb6 axb6 15. Rfa1 Ra8 16. Rxa8 Rxa8 17. Rxa8+ Bxa8 18. Qa4 Bb7 19. Qa1 h6 20. h3 Ne8 21. d4 f6 22. Nh4 Nf8 23. Nb1 Qf7 24. c5 bxc5 25. bxc5 d5 26. dxe5 fxe5 1/2-1/2

[Event "33.Schlosspark-Open"]
[Site "Wiesbaden-Biebrich"]
[Date "2024.08.23"]
[Round "3.38"]
[White "Shanawaz Thabrez, Shahzaib"]
[Black "McAdam, Mark"]
[Result "1/2-1/2"]
[WhiteElo "1857"]
[BlackElo "1995"]
[PlyCount "43"]
[EventDate "2024.08.22"]
[WhiteTeam "SK Langen"]
[BlackTeam "SC Brett vorm Kopp Ffm"]

1. e4 c6 2. Nf3 d5 3. Nc3 dxe4 4. Nxe4 Bg4 5. Bc4 e6 6. h3 Bxf3 7. Qxf3 Nd7 8. Bb3 Ngf6 9. d4 Be7 10. Nxf6+ Bxf6 11. c3 O-O 12. O-O Re8 13. Bf4 e5 14. dxe5 Nxe5 15. Bxe5 Rxe5 16. Rad1 Qe7 17. Qg4 h5 18. Qd7 Re8 19. Qd3 Re2 20. Qf5 Re5 21. Qd3 Re2 22. Qf5 1/2-1/2

[Event "33.Schlosspark-Open"]
[Site "Wiesbaden-Biebrich"]
[Date "2024.08.23"]
[Round "3.39"]
[White "Schneider, Jörg"]
[Black "Nischke, Klaus-Peter"]
[Result "1-0"]
[WhiteElo "1995"]
[BlackElo "1813"]
[PlyCount "129"]
[EventDate "2024.08.22"]
[WhiteTeam "Sfr.Mainz 1928"]
[BlackTeam "Sfr.Heimersheim"]

1. c4 e5 2. g3 Nf6 3. Bg2 Be7 4. Nc3 O-O 5. e4 Nc6 6. Nge2 d6 7. O-O Bg4 8. f3 Be6 9. b3 Nd7 10. Bb2 Nb4 11. Nd5 Bxd5 12. cxd5 c6 13. dxc6 Qb6+ 14. Kh1 bxc6 15. d4 Rac8 16. Bh3 Rc7 17. a3 Na6 18. Bxd7 Rxd7 19. dxe5 Rfd8 20. Bd4 c5 21. e6 fxe6 22. Be3 Bf6 23. Rb1 d5 24. exd5 exd5 25. Qd3 Qe6 26. Nf4 Qd6 27. Nh5 d4 28. Bf4 Be5 29. Bg5 Rf8 30. Rbe1 Nc7 31. Bf4 Bxf4 32. Nxf4 Kh8 33. Re4 Re7 34. Rfe1 Rxe4 35. Qxe4 Kg8 36. Qe7 Qc6 37. Qe4 Qb5 38. Qc2 Qc6 39. Qd3 Qb5 40. Qd1 Re8 41. Rxe8+ Qxe8 42. Kg2 Ne6 43. Nd3 Qg6 44. f4 Qe4+ 45. Qf3 Qxf3+ 46. Kxf3 g6 47. Ke4 Kf7 48. g4 Kf6 49. h4 h5 50. gxh5 gxh5 51. Ne5 Nf8 52. f5 a6 53. a4 Ke7 54. Nd3 Kd6 55. Nf4 d3 56. Nxd3 Nd7 57. Nb2 Nf6+ 58. Kf4 Nh7 59. Nc4+ Kd5 60. Nb6+ Kd4 61. Nd7 c4 62. bxc4 Kxc4 63. f6 Kb4 64. f7 Kxa4 65. Kf5 1-0

[Event "33.Schlosspark-Open"]
[Site "Wiesbaden-Biebrich"]
[Date "2024.08.23"]
[Round "3.40"]
[White "Gentner, Markus"]
[Black "Michalski, Uwe"]
[Result "1-0"]
[WhiteElo "1960"]
[BlackElo "1826"]
[PlyCount "73"]
[EventDate "2024.08.22"]
[WhiteTeam "SC Murrhardt 1948 e.V."]
[BlackTeam "Sfr.Mainz 1928"]

1. Nf3 b6 2. g3 Bb7 3. Bg2 Nf6 4. O-O e6 5. c4 Be7 6. b3 O-O 7. Bb2 a5 8. Nc3 d5 9. Qc2 Nc6 10. a3 dxc4 11. bxc4 Rb8 12. Rfd1 Nd4 13. Nxd4 Qxd4 14. Nd5 Qc5 15. d4 Qd6 16. Nxe7+ Qxe7 17. e4 Nd7 18. a4 Rfd8 19. Ba3 c5 20. f4 f6 21. Rab1 Ba6 22. Bh3 g6 23. Re1 e5 24. fxe5 fxe5 25. d5 Rf8 26. Bc1 Kg7 27. Bd2 Qd6 28. Qc1 Kh8 29. Bh6 Rf6 30. Qg5 Rb7 31. Rbc1 Nf8 32. Be6 Rf3 33. Bc8 Ra7 34. Bxa6 Rxa6 35. Rf1 Ne6 36. dxe6 Qd4+ 37. Kg2 1-0

[Event "33.Schlosspark-Open"]
[Site "Wiesbaden-Biebrich"]
[Date "2024.08.23"]
[Round "3.42"]
[White "Mohammadzadeh, Daris"]
[Black "Müller, Riyanna"]
[Result "1/2-1/2"]
[WhiteElo "1843"]
[BlackElo "1981"]
[PlyCount "35"]
[EventDate "2024.08.22"]
[WhiteTeam "Vorw.Orient Mainz"]
[BlackTeam "SC Landskrone"]

1. d4 d5 2. c4 e5 3. dxe5 Ne7 4. Nf3 Nbc6 5. Bg5 Be6 6. Nbd2 dxc4 7. e4 h6 8. Be3 Ng6 9. Nxc4 Bb4+ 10. Bd2 Bxd2+ 11. Qxd2 Qxd2+ 12. Ncxd2 O-O-O 13. Bc4 Bxc4 14. Nxc4 Rhe8 15. Rd1 Ngxe5 16. Rxd8+ Kxd8 17. Ncxe5 Nxe5 18. Ke2 1/2-1/2

[Event "33.Schlosspark-Open"]
[Site "Wiesbaden-Biebrich"]
[Date "2024.08.23"]
[Round "3.43"]
[White "Riedel, Thomas"]
[Black "Martin, Reiner"]
[Result "1/2-1/2"]
[WhiteElo "1838"]
[BlackElo "1974"]
[PlyCount "62"]
[EventDate "2024.08.22"]
[WhiteTeam "Hünfelden"]
[BlackTeam "SC Bad Soden"]

1. e4 c5 2. Nc3 a6 3. f4 e6 4. g3 b5 5. Bg2 Bb7 6. Nh3 Nf6 7. d3 Be7 8. O-O d5 9. e5 Nfd7 10. Qg4 g6 11. Bd2 Nc6 12. Rae1 Nd4 13. f5 Nxf5 14. Rxf5 gxf5 15. Qg7 Rf8 16. Bh6 Qc7 17. Qxh7 Nxe5 18. Bxf8 Bxf8 19. Nf4 Bd6 20. Ncxd5 exd5 21. Nxd5 Qa5 22. Rxe5+ Bxe5 23. Qg8+ Kd7 24. Qxf7+ Kc6 25. Nb4+ Kd6 26. Bxb7 Bd4+ 27. Kg2 Qxb4 28. Qd5+ Ke7 29. Bxa8 Qd2+ 30. Kh3 Qh6+ 31. Kg2 Qd2+ 1/2-1/2

[Event "33.Schlosspark-Open"]
[Site "Wiesbaden-Biebrich"]
[Date "2024.08.23"]
[Round "3.44"]
[White "Fröhlich-Dill, Astrid"]
[Black "Muller-Moingt, Bastien"]
[Result "0-1"]
[WhiteElo "1794"]
[BlackElo "1957"]
[PlyCount "46"]
[EventDate "2024.08.22"]
[WhiteTeam "SV 1920 Hofheim"]
[BlackTeam "OSG Baden-Baden"]

1. d4 e6 2. c4 Nf6 3. Nc3 Bb4 4. Qc2 O-O 5. e4 d5 6. e5 Ne8 7. Nf3 c5 8. a3 cxd4 9. axb4 dxc3 10. bxc3 Qc7 11. Be3 Nd7 12. Ng5 g6 13. cxd5 Nxe5 14. Bc5 Nd6 15. f4 Nd7 16. dxe6 Nxc5 17. bxc5 Qxc5 18. exf7+ Nxf7 19. Nxf7 Rxf7 20. Qb3 Qe3+ 21. Be2 Bg4 22. Qc2 Bxe2 23. Qxe2 Qxc3+ 0-1

[Event "33.Schlosspark-Open"]
[Site "Wiesbaden-Biebrich"]
[Date "2024.08.23"]
[Round "3.45"]
[White "Stehning, Michel"]
[Black "Förster, Jürgen"]
[Result "1/2-1/2"]
[WhiteElo "1778"]
[BlackElo "1956"]
[PlyCount "70"]
[EventDate "2024.08.22"]
[WhiteTeam "SF Braunfels"]
[BlackTeam "SVG Eppstein 1932"]

1. d4 d5 2. Nf3 Nf6 3. c3 c6 4. Bf4 e6 5. Nbd2 Bd6 6. Bg3 Nh5 7. e3 Nxg3 8. hxg3 Nd7 9. Bd3 Nf6 10. Qe2 h6 11. e4 dxe4 12. Nxe4 Nxe4 13. Qxe4 f5 14. Qe2 Qf6 15. Ne5 Bxe5 16. dxe5 Qf7 17. g4 Bd7 18. gxf5 exf5 19. O-O-O O-O-O 20. Bc4 Be6 21. Bxe6+ Qxe6 22. Kb1 f4 23. Qe4 g5 24. Rd4 Rhf8 25. Rhd1 Rxd4 26. cxd4 Qf5 27. Qxf5+ Rxf5 28. Kc2 Rf7 29. Kd3 Kd7 30. Rh1 Rh7 31. Ke4 Ke6 32. Rh5 Rh8 33. g3 fxg3 34. fxg3 Kf7 35. Rh2 Ke7 1/2-1/2

[Event "33.Schlosspark-Open"]
[Site "Wiesbaden-Biebrich"]
[Date "2024.08.23"]
[Round "3.46"]
[White "Bremer, Vincent"]
[Black "Gärtner, Johannes"]
[Result "1-0"]
[WhiteElo "1955"]
[BlackElo "1798"]
[PlyCount "118"]
[EventDate "2024.08.22"]
[WhiteTeam "TSG 1846 Bretzenheim/ZMO"]
[BlackTeam "Sfr.Mainz 1928"]

1. e4 e5 2. d4 exd4 3. c3 Nc6 4. cxd4 d6 5. Nc3 Nf6 6. h3 Be7 7. Nf3 O-O 8. Bd3 h6 9. O-O Nd7 10. Be3 Nb6 11. Rc1 Kh8 12. g4 d5 13. e5 f6 14. Bb1 fxe5 15. Nxe5 Nxe5 16. dxe5 Be6 17. Qd3 Bg8 18. b3 c5 19. Ne2 c4 20. Qg6 Rf7 21. Bd4 Qf8 22. f4 Bc5 23. Kg2 Bxd4 24. Nxd4 Re8 25. Bf5 Rfe7 26. Nb5 Qf7 27. Nd6 Qxg6 28. Bxg6 Rf8 29. Kg3 Nc8 30. bxc4 Nxd6 31. exd6 Re6 32. Bf5 Rxd6 33. cxd5 Rxd5 34. Rc7 Rb5 35. Re1 Bxa2 36. Ree7 Rg8 37. Red7 Rb6 38. Be4 Rb3+ 39. Kg2 Rb4 40. Re7 Rb2+ 41. Kf3 Rb3+ 42. Ke2 Rxh3 43. Rxb7 a5 44. f5 Bc4+ 45. Kf2 Bd3 46. Bg2 Ba6 47. Bxh3 Bxb7 48. Rxb7 Ra8 49. Bg2 Ra6 50. Bf1 Ra8 51. Bc4 a4 52. Ba2 Rf8 53. Kg3 Ra8 54. Kh4 a3 55. Rb3 Kh7 56. Rc3 Ra6 57. g5 Ra4+ 58. Kh5 hxg5 59. Kxg5 Ra8 1-0

[Event "33.Schlosspark-Open"]
[Site "Wiesbaden-Biebrich"]
[Date "2024.08.23"]
[Round "3.47"]
[White "Fang, Borui"]
[Black "Mayer, Frank"]
[Result "0-1"]
[WhiteElo "1720"]
[BlackElo "1954"]
[PlyCount "104"]
[EventDate "2024.08.22"]
[WhiteTeam "SV Oberursel"]
[BlackTeam "Wiesbadener SV 1885"]

1. e4 e5 2. Nc3 Nf6 3. f4 d5 4. fxe5 Nxe4 5. Qf3 Nc6 6. Bb5 Nxc3 7. bxc3 Qh4+ 8. g3 Qe4+ 9. Qxe4 dxe4 10. d4 exd3 11. cxd3 Bd7 12. Bf4 Nxe5 13. Bxd7+ Nxd7 14. Bxc7 Rc8 15. Ba5 b6 16. Bb4 Bxb4 17. cxb4 Rc2 18. Nf3 O-O 19. O-O Nf6 20. Rf2 Rfc8 21. Re1 Rxf2 22. Kxf2 Nd5 23. a3 f6 24. Ke2 Rc2+ 25. Nd2 Ra2 26. Rc1 Rxa3 27. Rc4 Kf7 28. Rd4 Ke6 29. Re4+ Kd7 30. Rd4 Kc6 31. Rc4+ Kb5 32. Ne4 Ra2+ 33. Kf3 Rxh2 34. Nd6+ Ka4 35. b5+ Kb3 36. Ke4 Nc3+ 37. Kd4 Ne2+ 38. Kd5 Nxg3 39. Rc7 Rh5+ 40. Ke6 Re5+ 41. Kf7 Nf5 42. Nxf5 Rxf5 43. Kxg7 Rxb5 44. Rxa7 Rd5 45. Rb7 b5 46. Kxf6 b4 47. Rxh7 Rxd3 48. Ke5 Kc2 49. Ke4 b3 50. Rb7 Rc3 51. Kd4 b2 52. Rb6 Rc7 0-1

[Event "33.Schlosspark-Open"]
[Site "Wiesbaden-Biebrich"]
[Date "2024.08.23"]
[Round "3.48"]
[White "Dauster, Ronald"]
[Black "Mönch, Dorothée"]
[Result "1/2-1/2"]
[WhiteElo "1950"]
[BlackElo "1789"]
[PlyCount "30"]
[EventDate "2024.08.22"]
[WhiteTeam "FT Schierstein"]
[BlackTeam "Sfr.Mainz 1928"]

1. e4 d6 2. d4 g6 3. c4 Bg7 4. Nc3 c5 5. Be3 cxd4 6. Bxd4 Nf6 7. e5 dxe5 8. Bxe5 Qxd1+ 9. Rxd1 Nc6 10. Nd5 O-O 11. Nxf6+ exf6 12. Bc3 Re8+ 13. Be2 Be6 14. b3 Ne5 15. Kf1 Rad8 1/2-1/2

[Event "33.Schlosspark-Open"]
[Site "Wiesbaden-Biebrich"]
[Date "2024.08.23"]
[Round "3.49"]
[White "Kupke, Jonas"]
[Black "Burkhardt, Jan"]
[Result "0-1"]
[WhiteElo "1770"]
[BlackElo "1926"]
[PlyCount "118"]
[EventDate "2024.08.22"]
[WhiteTeam "Wiesbadener SV 1885"]
[BlackTeam "Sfr.Mainz 1928"]

1. e4 e5 2. Nf3 Nc6 3. d4 exd4 4. Bc4 Nf6 5. O-O Nxe4 6. Nc3 Nxc3 7. bxc3 d5 8. Bb5 Be7 9. Ne5 Bd7 10. Nxd7 Qxd7 11. Re1 O-O 12. cxd4 Bf6 13. c3 a6 14. Bd3 Rfe8 15. Be3 Ne7 16. h4 c5 17. g4 g6 18. h5 c4 19. Bc2 gxh5 20. g5 Bg7 21. Qxh5 Ng6 22. Kg2 f5 23. Rh1 Bh8 24. Bxf5 Qxf5 25. Qxh7+ Kf8 26. Rh6 Re6 27. Qxb7 Rae8 28. Rh7 R6e7 29. Rxe7 Rxe7 30. Qxa6 Rh7 31. Qd6+ Kf7 32. Qc7+ Ne7 33. Qf4 Ke6 34. Qxf5+ Kxf5 35. Rh1 Rxh1 36. Kxh1 Ke4 37. a4 Kd3 38. a5 Kxc3 39. a6 Nc6 40. g6 Bg7 41. Kg2 Kd3 42. Kf3 c3 43. Kf4 c2 44. a7 Nxa7 45. Kf5 Nb5 46. Bc1 Nxd4+ 47. Kg4 Nb3 48. Ba3 c1=Q 49. Bxc1 Nxc1 50. f4 Ke4 51. Kg5 d4 52. f5 Ke5 53. Kg4 Bf6 54. Kf3 Kxf5 55. Kf2 Ke4 56. Ke1 Kf3 57. Kd1 Nb3 58. g7 Bxg7 59. Kc2 Ke2 0-1

[Event "33.Schlosspark-Open"]
[Site "Wiesbaden-Biebrich"]
[Date "2024.08.23"]
[Round "3.50"]
[White "Faulhaber, Tobias"]
[Black "Polat, Marcel"]
[Result "1-0"]
[WhiteElo "1931"]
[BlackElo "1776"]
[PlyCount "65"]
[EventDate "2024.08.22"]
[WhiteTeam "SC Schifferstadt"]
[BlackTeam "Vorw.Orient Mainz"]

1. e4 c6 2. d4 d5 3. e5 Bf5 4. Nf3 e6 5. a3 a5 6. c4 Ne7 7. Nc3 dxc4 8. Bxc4 Nd5 9. Nxd5 exd5 10. Bd3 Qd7 11. O-O Be7 12. Bg5 Bxd3 13. Qxd3 O-O 14. Rae1 c5 15. e6 fxe6 16. Bxe7 Qxe7 17. dxc5 Nc6 18. Nd4 Nxd4 19. Qxd4 Qf6 20. Re5 Rac8 21. f4 Qg6 22. b4 axb4 23. axb4 Ra8 24. f5 Rxf5 25. Rexf5 exf5 26. Qxd5+ Qf7 27. Rxf5 Ra1+ 28. Kf2 Qxd5 29. Rxd5 b6 30. cxb6 Ra8 31. b7 Rb8 32. Rd7 Re8 33. Rc7 1-0

[Event "33.Schlosspark-Open"]
[Site "Wiesbaden-Biebrich"]
[Date "2024.08.23"]
[Round "3.52"]
[White "Pauls, Wilhelm"]
[Black "Schmid, Peter"]
[Result "1-0"]
[WhiteElo "1921"]
[BlackElo "1773"]
[PlyCount "53"]
[EventDate "2024.08.22"]
[WhiteTeam "Sportgemeinschaft Kaarst 1912/35"]
[BlackTeam "SF Fortuna Leipzig e."]

1. e4 d5 2. exd5 Nf6 3. c4 c6 4. d4 cxd5 5. Nc3 Nc6 6. Bg5 dxc4 7. d5 Ne5 8. Qd4 Nc6 9. Qxc4 Ne5 10. Qd4 Ng6 11. Nf3 h6 12. Bxf6 gxf6 13. Bb5+ Bd7 14. O-O a6 15. Bxd7+ Qxd7 16. Ne4 Nf4 17. Nxf6+ exf6 18. Qxf4 Be7 19. Rfe1 Kf8 20. Rad1 Qd6 21. Qe4 Re8 22. Nd4 Qd7 23. Nf5 Bc5 24. Qxe8+ Qxe8 25. Rxe8+ Kxe8 26. Rc1 Bf8 27. Rc7 1-0

[Event "33.Schlosspark-Open"]
[Site "Wiesbaden-Biebrich"]
[Date "2024.08.23"]
[Round "3.53"]
[White "Gerber, Ingo"]
[Black "Brechlin, Olaf"]
[Result "1-0"]
[WhiteElo "1693"]
[BlackElo "1917"]
[PlyCount "55"]
[EventDate "2024.08.22"]
[WhiteTeam "Sfr.Mainz 1928"]
[BlackTeam "FVS ASP Hoyerswerda"]

1. Nf3 Nc6 2. d4 d5 3. Bf4 Bg4 4. Nbd2 e6 5. h3 Bh5 6. e3 Bd6 7. Bxd6 Qxd6 8. Be2 Nf6 9. c3 O-O 10. O-O Rae8 11. Re1 Nd7 12. c4 f6 13. cxd5 exd5 14. Rc1 Bg6 15. a3 Be4 16. Qb3 Kh8 17. Qxb7 Re6 18. Bb5 Ndb8 19. Rc3 a6 20. Bxc6 Nxc6 21. Rec1 Na5 22. Qxc7 Qxc7 23. Rxc7 Bxf3 24. gxf3 Rb6 25. b4 Nb7 26. R1c6 Rxc6 27. Rxc6 a5 28. Rb6 1-0

[Event "33.Schlosspark-Open"]
[Site "Wiesbaden-Biebrich"]
[Date "2024.08.23"]
[Round "3.54"]
[White "Spiegel, Nina"]
[Black "Stehning, Toni"]
[Result "1/2-1/2"]
[WhiteElo "1685"]
[BlackElo "1857"]
[PlyCount "104"]
[EventDate "2024.08.22"]
[WhiteTeam "Sfr Stiller Zug Wiesbaden"]
[BlackTeam "SF Braunfels"]

1. c4 e6 2. g3 d5 3. Bg2 c5 4. cxd5 exd5 5. d4 Nc6 6. Nf3 Nf6 7. Bg5 Be6 8. Nc3 Be7 9. dxc5 Bxc5 10. Bxf6 gxf6 11. Rc1 d4 12. Ne4 Bb4+ 13. Nfd2 f5 14. Nc5 Bxc5 15. Rxc5 Qb6 16. Bxc6+ bxc6 17. Qc2 Bd5 18. O-O f4 19. Rc1 fxg3 20. hxg3 Rd8 21. b3 Qc7 22. Qf5 Qd6 23. Ne4 Qe6 24. Nf6+ Ke7 25. Nxd5+ Rxd5 26. Qxe6+ fxe6 27. Rxc6 Rhd8 28. Rc7+ R8d7 29. Kg2 Re5 30. Rxd7+ Kxd7 31. Kf3 Rf5+ 32. Kg2 Ra5 33. Rc2 Kd6 34. f4 e5 35. fxe5+ Rxe5 36. Kf3 Re3+ 37. Kf2 Re7 38. Kf3 Kd5 39. b4 Re3+ 40. Kf4 Re7 41. Kf3 Re3+ 42. Kf2 Re7 43. a4 Rb7 44. b5 a6 45. bxa6 Ra7 46. Rc8 Rxa6 47. Rc7 h6 48. Rh7 Rf6+ 49. Kg2 Re6 50. Kf2 Rf6+ 51. Kg2 Re6 52. Kf2 Rf6+ 1/2-1/2

[Event "33.Schlosspark-Open"]
[Site "Wiesbaden-Biebrich"]
[Date "2024.08.23"]
[Round "3.55"]
[White "Schmieder, Stefan"]
[Black "Donecker, Stefan"]
[Result "1/2-1/2"]
[WhiteElo "1914"]
[BlackElo "1770"]
[PlyCount "53"]
[EventDate "2024.08.22"]
[WhiteTeam "SC Steinbach"]
[BlackTeam "SAbt TuS Dotzheim"]

1. e4 e6 2. d4 d5 3. e5 c5 4. c3 Qb6 5. Nf3 Bd7 6. Be2 Bb5 7. O-O Bxe2 8. Qxe2 Qa6 9. Qc2 Nd7 10. Re1 Rc8 11. Be3 h5 12. Nbd2 Nh6 13. Bxh6 Rxh6 14. a3 c4 15. Nf1 Be7 16. h4 Rh8 17. Re2 b5 18. Rae1 Nb6 19. Ng5 Bxg5 20. hxg5 g6 21. Nh2 Qb7 22. Nf3 a5 23. Nh4 a4 24. f4 Rg8 25. Re3 Rg7 26. Rh3 Kd7 27. Rf3 1/2-1/2

[Event "33.Schlosspark-Open"]
[Site "Wiesbaden-Biebrich"]
[Date "2024.08.23"]
[Round "3.56"]
[White "Joshi, Kanad"]
[Black "Stehning, Ralf"]
[Result "0-1"]
[WhiteElo "1672"]
[BlackElo "1912"]
[PlyCount "82"]
[EventDate "2024.08.22"]
[WhiteTeam "SV Oberursel"]
[BlackTeam "SF Braunfels"]

1. e4 e5 2. Nf3 Nc6 3. d3 Bc5 4. g3 d6 5. Bg2 Bg4 6. O-O Nf6 7. Nc3 h6 8. Na4 Bb6 9. Nxb6 axb6 10. c3 O-O 11. h3 Be6 12. Re1 Qd7 13. Kh2 Rxa2 14. Rxa2 Bxa2 15. b3 Na5 16. Nd2 Qb5 17. b4 Nc6 18. Qc2 Ra8 19. Bb2 Be6 20. Ra1 Rxa1 21. Bxa1 Qa6 22. Qb2 Qa4 23. f4 b5 24. Nf3 Bb3 25. fxe5 Nxe5 26. Nxe5 dxe5 27. d4 Nd7 28. d5 Nb6 29. Bf1 Bc4 30. Bg2 Qd1 31. h4 Na4 32. Qf2 Qxa1 33. Qa7 Qb2 34. Qxb7 g6 35. Qxc7 Bf1 36. Qc8+ Kg7 37. Qh3 Kf6 38. g4 Qxg2+ 39. Qxg2 Bxg2 40. Kxg2 Nxc3 41. Kf3 Na2 0-1

[Event "33.Schlosspark-Open"]
[Site "Wiesbaden-Biebrich"]
[Date "2024.08.23"]
[Round "3.57"]
[White "Leichum, Engelbert"]
[Black "Makilla, Tobias"]
[Result "0-1"]
[WhiteElo "1668"]
[BlackElo "1910"]
[PlyCount "62"]
[EventDate "2024.08.22"]
[WhiteTeam "Frankfurt"]
[BlackTeam "SC 1979 Hattersheim"]

1. e4 g6 2. d4 Bg7 3. Nf3 d6 4. Be3 a6 5. Bc4 b5 6. Bb3 e6 7. O-O Bb7 8. Bg5 Ne7 9. Re1 h6 10. Bh4 O-O 11. Nc3 Nd7 12. Re3 c5 13. dxc5 Nxc5 14. e5 Bxf3 15. Qxf3 dxe5 16. Rd1 Qc7 17. Bxe7 Qxe7 18. Ne4 Nxb3 19. cxb3 Rad8 20. Rde1 b4 21. g3 f5 22. h4 fxe4 23. Qxe4 Qf6 24. R1e2 a5 25. Kg2 Qf5 26. Qc6 Kh7 27. a3 Rd3 28. Rxd3 Qxd3 29. Rc2 Qxb3 30. axb4 axb4 31. Qb7 Qxc2 0-1